CAD systémy v elektrotechnike - prednášky Časť DipTrace verzia 3.3.1.3

Bibliographic Details
Main Author: Guzan, Milan, 1969- (Author)
Format: Video
Language:Slovak
PhysicalDescription:1 CD-ROM 12 cm
Published: Košice Technická univerzita v Košiciach 2020
ISBN:9788055337906
Edition:Vydanie prvé
Subjects:

MARC

LEADER 00000nam a2200000 4500
001 vtls012271753
003 SK-MaSNL
005 20260301170018.0
008 250221s2020 xo fsp 000 0 slo
020 |a 9788055337906  |q (elektronická kniha) 
040 |a SNK  |b slo  |c SNK  |e rda 
041 |a slo 
044 |a xo  |c SK 
072 7 |2 konspekt 
080 |2 2011 
100 1 |a Guzan, Milan,  |d 1969-  |4 aut  |9 313579 
245 1 0 |a CAD systémy v elektrotechnike - prednášky  |p Časť DipTrace verzia 3.3.1.3  |c Milan Guzan 
246 3 0 |a DipTrace verzia 3.3.1.3 
250 |a Vydanie prvé 
264 1 |a Košice  |b Technická univerzita v Košiciach  |c 2020 
300 |a 1 CD-ROM  |c 12 cm 
336 |a text  |b txt  |2 rdacontent 
336 |a dvojrozmerný pohyblivý obraz  |b tdi  |2 rdacontent 
337 |a počítač  |b c  |2 rdamedia 
338 |a počítačový súbor  |b cd  |2 rdacarrier 
338 |a video  |b v  |2 rdamedia 
347 |a textový súbor  |b PDF  |2 rda 
366 |e 60 kusov 
655 7 |a CD-ROM  |2 SNKPH  |9 70236 
710 2 |a Technická univerzita v Košiciach.  |b Fakulta elektrotechniky a informatiky.  |b Katedra teoretickej elektrotechniky a elektrického merania  |4 pbl  |9 161312 
852 |a Slovenská národná knižnica 
919 |a 978-80-553-3790-6 
999 |c 826172  |d 828102 
952 |a SNK  |b SNK  |y NEVYP  |7 1  |p 17A1565080  |o snkSCDM 13519  |i snk2025/3086  |8 0  |0 0  |1 0  |4 0  |d 2025-02-21  |l 0  |r 2026-02-24 03:21:07  |w 2026-02-24